000 00711nam a2200241 a 4500
001 52304
003 BD-RjUL
005 20211209075801.0
008 160919s1964 nyua 001 0 eng
035 _a(BD-RjUL)52424
040 _aDLC/ICU
_cICU
_dDLC
_dBD-RjUL
_beng
041 _aeng
082 0 0 _a523.4
_223
_bDOP 1964
100 1 _aDole, Stephen H.
_9156540
245 1 0 _aPlanets for man /
_cby Stephen H. Dole and Isaac Asimov.
260 _aNew York :
_bRandom House,
_cc1964
300 _ax, 242 p. :
_bill. ;
_c21 cm.
500 _aIncludes index
650 0 _aLife on other planets.
_9156541
700 1 _aAsimov, Isaac,
_d1920-1992,
_ejoint author.
_9151792
942 _2ddc
_cBK
999 _c52304
_d52304